An applied course in Gregorian chant (Record no. 50803)
[ view plain ]
| 000 -LEADER | |
|---|---|
| fixed length control field | 00464nam a2200181Ia 4500 |
| 003 - CONTROL NUMBER IDENTIFIER | |
| control field | 0100 |
| 008 - FIXED-LENGTH DATA ELEMENTS--GENERAL INFORMATION | |
| fixed length control field | 130303s9999 xx 000 0 und d |
| 040 ## - CATALOGING SOURCE | |
| Transcribing agency | ARRUPELIB |
| 050 ## - LIBRARY OF CONGRESS CALL NUMBER | |
| Classification number | MT860.P375 1956 |
| 100 ## - MAIN ENTRY--PERSONAL NAME | |
| Personal name | Paris. Institut gregorien |
| 245 #3 - TITLE STATEMENT | |
| Title | An applied course in Gregorian chant |
| 260 ## - PUBLICATION, DISTRIBUTION, ETC. (IMPRINT) | |
| Place of publication, distribution, etc | Toledo OH |
| 260 ## - PUBLICATION, DISTRIBUTION, ETC. (IMPRINT) | |
| Name of publisher, distributor, etc | Gregorian Institute of America |
| 260 ## - PUBLICATION, DISTRIBUTION, ETC. (IMPRINT) | |
| -- | 1956 |
| 300 ## - PHYSICAL DESCRIPTION | |
| Extent | 154p |
| 700 ## - ADDED ENTRY--PERSONAL NAME | |
| Personal name | tr. and ed. by Joseph Robert Carroll |
| 942 00 - ADDED ENTRY ELEMENTS (KOHA) | |
| Koha issues (borrowed), all copies | 1 |
| Withdrawn status | Lost status | Source of classification or shelving scheme | Damaged status | Not for loan | Collection code | Home library | Current library | Shelving location | Date acquired | Total Checkouts | Full call number | Barcode | Date last seen | Date checked out | Copy number | Price effective from | Koha item type |
|---|---|---|---|---|---|---|---|---|---|---|---|---|---|---|---|---|---|
| Library of Congress Classification | Main Collection | ARRUPE LIBRARY | ARRUPE LIBRARY | 04/03/2013 | 3 | MT860.P375 1956 | 46003086726 | 03/07/2018 | 07/05/2016 | 1 | 04/03/2013 | Monograph ( Printed materials) |